Ronda Uruguay: acuerdo mundial beneficios mundiales

Salvato in:
Dettagli Bibliografici
Natura: testo
Pubblicazione: Luxemburgo: Oficina de Publicaciones Oficiales de las Comunidades Europeas
Soggetti:
Tags: Aggiungi Tag
Nessun Tag, puoi essere il primo ad aggiungerne!!

MARC

LEADER 00000 a a2200000 04500
001 37320
003
040
020 |a 92-826-7790-7  
090 |a 0001 R771r  
245 |a Ronda Uruguay: acuerdo mundial beneficios mundiales  
260 |a Luxemburgo:   |b Oficina de Publicaciones Oficiales de las Comunidades Europeas  
300 |a 31 p.   |b gráficas  
650 |a COMERCIO INTERNACIONAL  
650 |a ACUERDOS INTERNACIONALES  
650 |a ECONOMIA  
650 |a PRODUCTO INTERNO BRUTO  
650 |a IMPORTACION  
650 |a EXPORTACION  
650 |a ARANCELES  
999 |c 9346  |d 9346